Responses for Show #2430 - Friday, March 10, 1995

Contestants

[<< previous game]

Gord Brown, an editor and writer from Toronto, Ontario, Canada

Mike Baxter, a police officer from Warminster, Pennsylvania

Jerry Clarke, a sales representative from Stephens City, Virginia (whose 1-day cash winnings total $17,801)

[next game >>]

Jeopardy! Round responses

MARCH
SPORTS
THE BODY HUMAN
TRAVEL & TOURISM
RANK & TITLE QUOTES
BRITISH POTPOURRI
    $100 6
Jack Ruby

Jerry
    $100 1
a frame

Jerry
    $100 11
the eyes

Jerry
    $100 26
a passport

Mike
    $100 21
John Adams

Mike
    $100 16
tea

Jerry
    $200 7
(Jimmy) Hoffa

Mike
    $200 2
Arthur Ashe

Jerry
    $200 12
the mandible

Mike
    $200 27
Howard Johnson

Jerry
    $200 22
a major-general

Gord
    $200 17
(Mike: What is Oxford?)

Cambridge

MikeGord
    $300 8
Montgomery

Mike
    $300 3
(Bonnie) Blair

Jerry
    $300 13
the gallbladder

Mike
    $300 28
Bolivia

Jerry
    $300 23
(Mike: What is master?)

captain

Mike
Triple Stumper
    $300 18
the Queen Mother

Gord
    $400 9
Herbert Hoover

Jerry
    $400 4
Wilt Chamberlain

Gord
    $400 14
the Eustachian tube

Gord
    $400 29
Caesars Palace

Mike
    $400 24
the Pope

Gord
    $400 19
the Tube (or the Underground)

Jerry
    $500 10
Howard Hughes

Gord
    $500 5
(Gord: Who is Secretariat?)

Man O' War

Gord
Triple Stumper
    $500 15
(Gord: What is the liver?)

the pancreas

Gord
    $500 30
Lancelot

Gord
    $500 25
Horatio

Gord
    $500 20
Bath

Mike

Scores at the first commercial break (after clue 15):

Jerry Mike Gord
$1,200 $1,000 $300

Scores at the end of the Jeopardy! Round:

Jerry Mike Gord
$2,200 $1,600 $2,400

Double Jeopardy! Round responses

WORLD WAR II
OSCAR TRIVIA
RELIGION
ISLANDS
THE CONGRESS
FICTIONAL CHARACTERS
    $200 1
Mussolini

Mike
    $200 13
Unforgiven

Jerry
    $200 11
a pilgramage

Gord
    $200 6
Puerto Rico

Jerry
    $200 26
the District of Columbia

Gord
    $200 19
Camille

Jerry
    $400 2
the United States Air Force

Mike
    $400 14
Irving Berlin

Gord
    $400 12
Saturday

Jerry
    $400 7
Taiwan

Mike
    $400 27
Edward Kennedy

Gord
    $400 20
Bob Cratchit

Gord
    $600 3
the Himalayas

Jerry
    $600 15
(Gord: Uh, what is lighting and photography?)

color & black & white

JerryGord
    $600 18
the Amish

Jerry
    $600 8
St. Kitts

Jerry
    $600 28
the president pro tem

Jerry
    $600 24
Sleepy Hollow

Gord
    $800 4
the Bismarck

Jerry
    $1,500 16
Charlie Chaplin

Jerry
    $800 21
Conservative

Gord
    $800 9
the Azores

Gord
    $1,500 29
(Alex: You've been on a roll. You found both of them yesterday in the Double Jeopardy! Round, and you've found both of them today.)
(Jerry: Uh, I'll take all I can get.)

George Mitchell

Jerry
    $800 25
Madeline

Triple Stumper
    $1000 5
the Battle of the Bulge

Mike
    $1000 17
(Jean-Paul) Sartre

Gord
    $1000 22
John Calvin

Gord
    $1000 10
Ithaca

Triple Stumper
    $1000 30
(Alex: [After a long pause] I take it when our contestants put their signaling buttons down, that no one is going to ring in and try to come up with "What is [*]?")

Arizona

Triple Stumper
    $1000 23
Howard's End

Jerry

Scores at the end of the Double Jeopardy! Round:

Jerry Mike Gord
$11,000 $3,600 $7,600

[wagering suggestions for these scores]

Final Jeopardy! Round responses

POETS
(Alex: By all accounts, they had a tempestuous relationship, I think. They both drank a little.)
...
(Mike: I have no idea.) [It looks like he started to write "Fitzgerald".]
...
[Jerry's response resembles "EEΓOГ" with a rightward-pointing arrow extending from the top of the first "E" over the top of the second "E".]
(Jerry: It says "Eliot".)
(Alex: That says "Eliot"? Of course it does. In--in Greek?)
(Jerry: Hieroglyphics.)
(Alex: Or hieroglyphics.)
MikeWho was Fi
$3,000
GordWho is Dylan Thomas?
$3,500
JerryWho was Eliot
$4,201
Dylan Thomas

Final scores:

Jerry Mike Gord
$6,799 $600 $11,100
2nd place: Broyhill's Millwood Creek Collection dining room + a Wallpapers to Go gift certificate 3rd place: Wallace Silversmiths baroque-pattern chafing dish New champion: $11,100

Game dynamics:

Coryat scores:

Jerry Mike Gord
$9,600 $3,600 $8,100
23 R
(including 2 DDs),
0 W
12 R,
2 W
19 R,
3 W
(including 1 DD)

Combined Coryat: $21,300

[game clues] [game scores] [suggest correction]

Game tape date: 1994-11-29
The J! Archive is created by fans, for fans. Scraping, republication, monetization, and malicious use prohibited; this site may use cookies and collect identifying information. See terms. The Jeopardy! game show and all elements thereof, including but not limited to copyright and trademark thereto, are the property of Jeopardy Productions, Inc. and are protected under law. This website is not affiliated with, sponsored by, or operated by Jeopardy Productions, Inc. Join the discussion at JBoard.tv.